00333ntaaa2200121 45000030003000000050017000030080021000200400037000410820015000781000021000932450079001142500018001930120251027200925.00714s1973 ag 01  aAR-BaBNbspacAR-BaBNeaacrdRIC a236.2 H159 aHaldeman, J. M.  aThe coming of Christ, both pre-millennial and imminent / cJ. M. Haldeman  a1 ed., c1906